000 00289nam a22001337a 4500
008 180302b xxu||||| |||| 00| 0 eng d
020 _a9781256444633
041 _aeng
080 _a510
100 _a36
101 _aMAT
245 _aCollege Trigonometry
_cLial, M.L
942 _2udc
_cBK
999 _c44068
_d44068